| 000 | 01091nam a2200289 4500 | ||
|---|---|---|---|
| 001 | 0000020224 | ||
| 003 | CO-CtgCURN | ||
| 005 | 20250825223113.0 | ||
| 008 | 160627s2002 000 0 eng d | ||
| 020 | _a9586903737 | ||
| 040 |
_aCO-CtgCURN _bspa _ccoctgcurn |
||
| 082 | 0 |
_a342.22 _bR81t |
|
| 100 | 1 | _aRua Castaño, John Reymon. | |
| 245 | 1 | 3 |
_aLa tutela judicial efectiva / _cJohn Reymon Rua Castaño, Jairo de Jesus Lopera Lopera. |
| 260 |
_aBogotá : _bLeyer, _c2002. |
||
| 300 | _aii, 157 p. | ||
| 336 | _2rdacontent | ||
| 337 |
_2rdamedia _asin mediacion _bn |
||
| 338 |
_2rdacarrier _avolumen _bnc |
||
| 504 | _aBibliografia (p. 149-152) | ||
| 505 | 8 | _aLa tutela judicial efectiva.--Tutela judicial efectiva y su ubicacion en la normatividad colombiana.--Elementos de la tutela judicial efectiva.--Formas de hacer ineficaz la tutela judicial efectiva | |
| 650 | 0 | _aAcción de tutela. | |
| 700 | 1 | _aLopera Lopera, Jairo de Jesus. | |
| 908 | _a160627 | ||
| 942 |
_cBK _h342.22 _iR81t _2ddc |
||
| 999 |
_c49632 _d49632 _x1 |
||